Southville International School and Colleges
Your cart is empty.
  • Cart
  • Lists
    Public lists Eva Luna New books Lux_list list_1
    Your lists Log in to create your own lists
  • Log in to your account
  • Your cookies
  • Search history
Southville International School and Colleges
  • Advanced search
  • Recent comments
  • Most popular
  • Libraries

Log in to your account

Log in with GOOGLE


If you do not have an external account, but do have a local account, you can still log in:

  1. Home
  2. MARC view: Supplemental science: how to eat your hat/
Normal view MARC view ISBD view

Supplemental science: how to eat your hat/ (Record no. 361795)

[ view plain ]
MARC details
000 -LEADER
fixed length control field 00505nam a2200169Ia 4500
008 - FIXED-LENGTH DATA ELEMENTS--GENERAL INFORMATION
fixed length control field 190509s9999 xx 000 0 und d
100 ## - MAIN ENTRY--PERSONAL NAME
Personal name Goldynia, Kirsi
245 ## - TITLE STATEMENT
Title Supplemental science: how to eat your hat/
245 ## - TITLE STATEMENT
Statement of responsibility, etc Kirsi Goldynia
260 ## - PUBLICATION, DISTRIBUTION, ETC. (IMPRINT)
Name of publisher, distributor, etc Sussex Publisher
260 ## - PUBLICATION, DISTRIBUTION, ETC. (IMPRINT)
Date of publication, distribution, etc 2018
300 ## - PHYSICAL DESCRIPTION
Extent Pages 33-34, November/December 2018
440 ## - SERIES STATEMENT/ADDED ENTRY--TITLE
Title Psychology Today: 7 amazing things your mind can do
Volume number/sequential designation 1/2/1900 3:06:00 AM
650 ## - SUBJECT ADDED ENTRY--TOPICAL TERM
Topical term or geographic name as entry element brain damage
650 ## - SUBJECT ADDED ENTRY--TOPICAL TERM
Topical term or geographic name as entry element Health
650 ## - SUBJECT ADDED ENTRY--TOPICAL TERM
Topical term or geographic name as entry element Quercetin
Holdings
Withdrawn status Lost status Damaged status Home library Current library Date acquired Total Checkouts Date last seen Price effective from Koha item type
      Luxembourg Library Luxembourg Library 05/09/2019   05/09/2019 05/09/2019 Periodicals

Supplemental science: how to eat your hat/

APA

Goldynia K., .Supplemental science: how to eat your hat. : Sussex Publisher.

Chicago

Goldynia Kirsi, .Supplemental science: how to eat your hat. : Sussex Publisher.

Harvard

Goldynia K., .Supplemental science: how to eat your hat. : Sussex Publisher.

MLA

Goldynia Kirsi, .: Sussex Publisher. .

  • Place hold
  • Print
  • Cite
  • Add to your cart (remove)
  • Save record
    BIBTEX Dublin Core MARCXML MARC (non-Unicode/MARC-8) MARC (Unicode/UTF-8) MARC (Unicode/UTF-8, Standard) MODS (XML) RIS
  • More searches
    Search for this title in:
    Other Libraries (WorldCat) Other Databases (Google Scholar) Online Stores (Bookfinder.com) Open Library (openlibrary.org)

Exporting to Dublin Core...

SOUTHVILLE LIBRARY

Southville International School and Colleges Library

1281 Tropical Ave. Cor. Luxembourg St., BF Homes International, Las Pinas City

Tel. No. 8256374 / 252358 Loc. 117/146

Powered by Koha